000
00336nam a22001457a 4500
008
210309b ||||| |||| 00| 0 eng d
020
_a
2900534607004
041
_a
eng
080
_2
5th
_a
316
082
_2
316
100
_a
50
101
_a
SOC
245
_a
Social and Personality Development
_c
David R. Shaffer
942
_2
udc
_c
BK
999
_c
56105
_d
56105